|
|
|
|
| LEADER |
01769nam a2200397 a 4500 |
| 001 |
498913 |
| 008 |
090827s1985 dcuabf b 000 0 eng d |
| 010 |
|
|
|a 85026638
|
| 020 |
|
|
|a 0821306766 (pbk.)
|z 0821306761
|
| 040 |
|
|
|a DNLM/DLC
|c DLC
|d DLC
|
| 060 |
|
0 |
|a WA 320 Y74c
|
| 082 |
0 |
0 |
|a 362.1/9892/000951
|2 19
|
| 100 |
1 |
|
|a Young, Mary E.,
|d 1955-
|
| 245 |
1 |
0 |
|a Child health in China /
|c Mary E. Young, André Prost.
|
| 260 |
|
|
|a Washington, D.C., U.S.A. :
|b World Bank,
|c c1985.
|
| 300 |
|
|
|a 111 p., [2] leaves of plates :
|b ill., col. maps ;
|c 28 cm.
|
| 490 |
1 |
|
|a World Bank staff working papers ;
|v no. 767
|
| 504 |
|
|
|a Bibliography: p. 70-78.
|
| 541 |
1 |
|
|e 00001630
|
| 650 |
|
0 |
|a Children
|x Diseases
|z China.
|
| 650 |
|
0 |
|a Children
|x Nutrition
|z China.
|
| 650 |
|
0 |
|a Child health services
|z China.
|
| 650 |
|
0 |
|a Maternal health services
|z China.
|
| 650 |
|
0 |
|a Family size
|x Government policy
|z China.
|
| 650 |
|
0 |
|a Preventive health services for children
|z China.
|
| 650 |
|
2 |
|a Child Health Services
|z China.
|
| 650 |
|
2 |
|a Health Surveys
|x in infancy & childhood
|z China.
|
| 650 |
|
2 |
|a Infant Mortality
|z China.
|
| 650 |
|
2 |
|a Maternal Health Services
|z China.
|
| 650 |
|
2 |
|a Perinatology
|z China.
|
| 700 |
1 |
|
|a Prost, André,
|d 1944-
|
| 830 |
|
0 |
|a World Bank staff working paper ;
|v no. 767.
|
| 852 |
4 |
|
|a Ayesha Abed Library
|j General Shelf.
|
| 999 |
|
|
|c 3803
|d 3803
|
| 952 |
|
|
|0 0
|1 4
|2 ddc
|4 0
|6 362_198920009510000_YOU
|7 0
|9 3455
|a BRACUL
|b BRACUL
|c GEN
|d 2009-09-05
|g 0.00
|l 0
|o 362.19892000951 YOU
|p 3010001630
|r 2009-09-05
|t 1
|w 2009-09-05
|y BK
|x No price found in the accession register.
|
| 952 |
|
|
|0 0
|1 0
|2 ddc
|4 0
|6 362_198920009510000_YOU_1985
|7 0
|9 9196
|a BRACUL
|b BRACUL
|c GEN
|d 2010-04-12
|g 0.00
|l 0
|o 362.19892000951 YOU
|p 3010002630
|r 2010-04-12
|t 2
|w 2010-04-12
|y BK
|z Not price in Register
|